Briefing paper series: Emerging Trends in the negotiations under WTO: Pertinent Issues of Concern to African Countries : Trade and Labour Standards under WTO negotiations. (Record no. 83565)

MARC details
000 -LEADER
fixed length control field 00897nam a22002297a 4500
003 - CONTROL NUMBER IDENTIFIER
control field CBULib
005 - DATE AND TIME OF LATEST TRANSACTION
control field 20240528130505.0
008 - FIXED-LENGTH DATA ELEMENTS--GENERAL INFORMATION
fixed length control field 231127b |||||||| |||| 00| 0 eng d
040 ## - CATALOGING SOURCE
Original cataloging agency CBULib
Language of cataloging English
Transcribing agency CBULib
Modifying agency CBUlib
Description conventions rda
050 ## - LIBRARY OF CONGRESS CALL NUMBER
Classification number UNECA(08)BPS/09A
245 ## - TITLE STATEMENT
Title Briefing paper series: Emerging Trends in the negotiations under WTO: Pertinent Issues of Concern to African Countries : Trade and Labour Standards under WTO negotiations.
Remainder of title /by United Nations Economic Commission for African( UNECA)
260 ## - PUBLICATION, DISTRIBUTION, ETC. (IMPRINT)
Place of publication, distribution, etc Addis Ababa:
Name of publisher, distributor, etc United Nations,
Date of publication, distribution, etc 2001.
300 ## - PHYSICAL DESCRIPTION
Extent iii,40 pages.
336 ## - CONTENT TYPE
Source rdacontent
Content type term Text |
Content type code txt
337 ## - MEDIA TYPE
Source rdamedia
Media type term Unmediated |
Media type code n
338 ## - CARRIER TYPE
Source rdacarrier
Carrier type term Volume
Carrier type code nc
490 ## - SERIES STATEMENT
Series statement Briefing Paper Series
International Standard Serial Number No.9
504 ## - BIBLIOGRAPHY, ETC. NOTE
Bibliography, etc includes bibliography
610 #0 - SUBJECT ADDED ENTRY--CORPORATE NAME
Corporate name or jurisdiction name as entry element United Nations Economic Commissions for Africa (UNECA)
9 (RLIN) 631
630 ## - SUBJECT ADDED ENTRY--UNIFORM TITLE
Language of a work eng
942 ## - ADDED ENTRY ELEMENTS (KOHA)
Source of classification or shelving scheme
Koha item type INTERNATIONAL PUBLICATIONS
Holdings
Withdrawn status Lost status Source of classification or shelving scheme Damaged status Not for loan Collection code Permanent Location Current Location Shelving location Date acquired Source of acquisition Full call number Barcode Date last seen Copy number Price effective from Koha item type
          Special Collections CBU-MAIN LIBRARY, KITWE. CBU-MAIN LIBRARY, KITWE. Special Collections 11/27/2023 DEP-UNECA UNECA(08)BSP/2001/09A 45879 11/27/2023 1 11/27/2023 INTERNATIONAL PUBLICATIONS
          Special Collections CBU-MAIN LIBRARY, KITWE. CBU-MAIN LIBRARY, KITWE. Special Collections 11/27/2023 DEP-UNECA UNECA(08)BPS/2001/09B 45877 11/27/2023 1 11/27/2023 INTERNATIONAL PUBLICATIONS
          Special Collections CBU-MAIN LIBRARY, KITWE. CBU-MAIN LIBRARY, KITWE. Special Collections 11/27/2023 DEP-UNECA UNECA(08)BPS/2001/09C 03004876 11/27/2023 3 11/27/2023 INTERNATIONAL PUBLICATIONS